| 000 | 00564nam a2200217 a 4500 | ||
|---|---|---|---|
| 001 | 19277 | ||
| 003 | CO-ViMGA | ||
| 008 | 141112s2004 ck r 000 u spa d | ||
| 020 | _a8420636940 | ||
| 040 |
_aCO-ViMGA _bspa _cCO-ViMGA |
||
| 082 | 0 | 4 | _a843.91 C158e |
| 100 | 1 | _aCamus, Albert | |
| 245 | 1 | 0 | _aEl Extranjero |
| 260 |
_aMadrid : _bAlianza; 2003 |
||
| 300 | _a125 p. | ||
| 490 | _aBiblioteca Camus | ||
| 590 | _aForma de adquisición : Premio Mincultura | ||
| 650 | 1 | 4 |
_aEXTRANJEROS - NOVELA _927689 |
| 650 | 1 | 4 |
_aNOVELA FRANCESA _92629 |
| 942 |
_2ddc _cBK |
||
| 999 |
_c28436 _d28436 |
||